Daily Capital City Riddle #80 - Statistics

General Stats
  • This quiz has been taken 52 times
  • The average score is 26 of 32
Answer Stats
Type Answer % Correct
Alphabet Letter A
98%
Alphabet Letter N
98%
Found Letter O
98%
Alphabet Letter S
98%
Alphabet Letter D
95%
Alphabet Letter E
95%
Found Letter I
95%
Alphabet Letter L
95%
Alphabet Letter R
95%
Found Letter T
93%
Correctly Placed Letter O
91%
Alphabet Letter M
88%
Found Letter U
86%
Alphabet Letter C
84%
Alphabet Letter H
84%
Alphabet Letter K
84%
Alphabet Letter Y
84%
Alphabet Letter B
81%
Alphabet Letter W
81%
Alphabet Letter P
79%
Alphabet Letter G
72%
Alphabet Letter V
72%
Correctly Placed Letter I
70%
Correctly Placed Letter U
70%
Alphabet Letter X
70%
Correctly Placed Letter T
67%
Alphabet Letter J
65%
Alphabet Letter Z
65%
Alphabet Letter F
63%
Correctly Placed Letter Q
60%
Found Letter Q
60%
Mystery Capital Quito
60%
No matching quizzes found
Score Distribution
Percent of People with Each Score
Percentile by Number Answered
Your Score History
You have not taken this quiz